000 00298nam a22001337a 4500
008 170601b xxu||||| |||| 00| 0 eng d
020 _a9780745633916
041 _aeng
080 _a94
100 _a17
101 _aSHH
245 _aWHAT IS MILITARY HISTORY
_cPAVKOVIC.M.F
942 _2udc
_cBK
999 _c15495
_d15495